Gruppensoziologie: Perspektiven und Materialien
| Otros Autores: | |
|---|---|
| Tipo de documento: | Print Libro |
| Lenguaje: | Alemán |
| Publicado: |
Opladen
Westdt. Verlag
1983
|
| En: |
Kölner Zeitschrift für Soziologie und Sozialpsychologie / Sonderhefte (25)
Año: 1983 |
| Acceso en línea: |
Portada Portada Índice |
| Disponibilidad en Tübingen: | Disponible en Tübingen. IFK: O VI 90 |
| Verificar disponibilidad: | HBZ Gateway |
| Servicio de pedido Subito: | Pedir ahora. |
| Volúmenes / Artículos: | Mostrar volumes / artículos. |
| Palabras clave: |
MARC
| LEADER | 00000cam a2200000 c 4500 | ||
|---|---|---|---|
| 001 | 027319644 | ||
| 003 | DE-627 | ||
| 005 | 20260206194936.0 | ||
| 007 | tu | ||
| 008 | 840209s1983 gw ||||| 00| ||ger c | ||
| 015 | |a 84,N05,0075 |2 dnb | ||
| 015 | |a 84,A23,0148 |2 dnb | ||
| 016 | 7 | |a 840167466 |2 DE-101 | |
| 020 | |a 9783531116730 |9 978-3-531-11673-0 | ||
| 020 | |a 3531116738 |c kart. : DM 74.00 |9 3-531-11673-8 | ||
| 035 | |a (DE-627)027319644 | ||
| 035 | |a (DE-603)020139691 | ||
| 035 | |a (DE-576)009256180 | ||
| 035 | |a (DE-599)GBV027319644 | ||
| 035 | |a (OCoLC)10445048 | ||
| 035 | |a (OCoLC)310813788 | ||
| 035 | |a (DE-604)8055052975 | ||
| 035 | |a (DE-H357)his16050 | ||
| 040 | |a DE-627 |b ger |c DE-627 |e rakwb | ||
| 041 | |a ger | ||
| 044 | |c XA-DE |c XA-DE-NW | ||
| 084 | |a S 270 |2 sfb | ||
| 084 | |a 14 |2 sdnb | ||
| 084 | |a 14 |2 sdnb | ||
| 084 | |a 14 |a 11 |2 sdnb | ||
| 084 | |a 1 |2 ssgn | ||
| 084 | |a MS 1000 |2 rvk |0 (DE-625)rvk/123545: | ||
| 084 | |a CV 4000 |2 rvk |0 (DE-625)rvk/19158: | ||
| 084 | |a MP 2000 |2 rvk |0 (DE-625)rvk/123404: | ||
| 084 | |a BL 1600 |2 rvk |0 (DE-625)rvk/12002: | ||
| 084 | |a ZX 7179 |2 rvk |0 (DE-625)rvk/158454:14256 | ||
| 084 | |a 71.44 |2 bkl | ||
| 084 | |a 77.64 |2 bkl | ||
| 245 | 0 | 0 | |a Gruppensoziologie |b Perspektiven und Materialien |c hrsg. von Friedhelm Neidhardt |
| 264 | 1 | |a Opladen |b Westdt. Verlag |c 1983 | |
| 300 | |a 577 S. |b Ill., graph. Darst. |c 24 cm | ||
| 336 | |a Text |b txt |2 rdacontent | ||
| 337 | |a ohne Hilfsmittel zu benutzen |b n |2 rdamedia | ||
| 338 | |a Band |b nc |2 rdacarrier | ||
| 490 | 1 | |a Kölner Zeitschrift für Soziologie und Sozialpsychologie |a Sonderhefte |v 25 | |
| 500 | |a Literaturangaben | ||
| 505 | 8 | |a Literaturangaben | |
| 505 | 8 | |a Literaturangaben | |
| 583 | 1 | |a Archivierung/Langzeitarchivierung gewährleistet |f SSG |x XA-DE-BW |2 pdager |5 DE-21 | |
| 650 | 0 | |a Social groups |x Addresses and lectures | |
| 650 | 0 | 7 | |0 (DE-588)4022392-9 |0 (DE-627)10630917X |0 (DE-576)208943374 |a Gruppendynamik |2 gnd |
| 650 | 0 | 7 | |0 (DE-588)4077624-4 |0 (DE-627)104152036 |0 (DE-576)209205849 |a Soziologie |2 gnd |
| 650 | 0 | 7 | |0 (DE-588)4137905-6 |0 (DE-627)105646504 |0 (DE-576)209681616 |a Kleingruppenforschung |2 gnd |
| 650 | 4 | |a Gruppensoziologie | |
| 650 | 4 | |a Gruppendynamik | |
| 650 | 4 | |a Soziales System | |
| 650 | 4 | |a Interaktion | |
| 650 | 4 | |a Organisationssoziologie | |
| 650 | 4 | |a Forschungsorganisation | |
| 650 | 4 | |a Politische Soziologie | |
| 650 | 4 | |a Gruppe | |
| 650 | 4 | |a Bildung, Prozess, Ehe, Hochleistung, Familie, Organisation, Bewegung, Interaktion, Konferenz, Wechselwirkung, Übersicht, Arbeitsgruppe | |
| 655 | 7 | |a Aufsatzsammlung |0 (DE-588)4143413-4 |0 (DE-627)105605727 |0 (DE-576)209726091 |2 gnd-content | |
| 689 | 0 | 0 | |d s |0 (DE-588)4022378-4 |0 (DE-627)106309234 |0 (DE-576)208943307 |a Gruppe |2 gnd |
| 689 | 0 | 1 | |d s |0 (DE-588)4077628-1 |0 (DE-627)106079581 |0 (DE-576)209205865 |a Soziologische Theorie |2 gnd |
| 689 | 0 | |5 DE-101 | |
| 689 | 1 | 0 | |d s |0 (DE-588)4137905-6 |0 (DE-627)105646504 |0 (DE-576)209681616 |a Kleingruppenforschung |2 gnd |
| 689 | 1 | 1 | |d s |0 (DE-588)4022392-9 |0 (DE-627)10630917X |0 (DE-576)208943374 |a Gruppendynamik |2 gnd |
| 689 | 1 | 2 | |d s |0 (DE-588)4077624-4 |0 (DE-627)104152036 |0 (DE-576)209205849 |a Soziologie |2 gnd |
| 689 | 1 | |5 (DE-627) | |
| 700 | 1 | |a Neidhardt, Friedhelm |d 1934-2023 |e Hrsg. |0 (DE-588)120842750 |0 (DE-627)080920853 |0 (DE-576)162356064 |4 edt | |
| 830 | 0 | |a Kölner Zeitschrift für Soziologie und Sozialpsychologie / Sonderhefte |v 25 |9 25 |w (DE-627)129473820 |w (DE-576)014851598 |w (DE-600)202953-4 |x 0454-1340 |7 am | |
| 856 | 4 | 2 | |u https://swbplus.bsz-bw.de/bsz009256180cov.jpg |m V:DE-576 |m X:springer |q image/jpeg |v 20130404105203 |3 Cover |7 1 |
| 856 | 4 | 2 | |u http://scans.hebis.de/HEBCGI/show.pl?02013969_toc.pdf |m V:DE-603;B:DE-17 |q application/pdf |3 Inhaltsverzeichnis |7 1 |
| 856 | 4 | 2 | |u http://scans.hebis.de/HEBCGI/show.pl?02013969_cov.jpg |m V:DE-576;X:springer |q image/jpeg |3 Cover |7 1 |
| 935 | |a mteo | ||
| 935 | |i Blocktest | ||
| 935 | |h HEB |i 0501 | ||
| 935 | |h HEB |i 0503 | ||
| 936 | r | v | |a MS 1000 |b Allgemeine Theorie |k Soziologie |k Spezielle Soziologien |k Kleingruppen |k Allgemeine Theorie |0 (DE-627)1271440091 |0 (DE-625)rvk/123545: |0 (DE-576)201440091 |
| 936 | r | v | |a CV 4000 |b Gruppenpsychologie |k Psychologie |k Sozialpsychologie |k Gruppenpsychologie |0 (DE-627)1270830112 |0 (DE-625)rvk/19158: |0 (DE-576)200830112 |
| 936 | r | v | |a MP 2000 |b Sonderhefte und Sonderdrucke (soweit nicht fachlich zuzuordnen) |k Soziologie |k Handbücher und Nachschlagewerke |k Sonderhefte und Sonderdrucke (soweit nicht fachlich zuzuordnen) |0 (DE-627)1271427303 |0 (DE-625)rvk/123404: |0 (DE-576)201427303 |
| 936 | r | v | |a BL 1600 |b Methodik der christlichen Gesellschaftslehre |k Theologie und Religionswissenschaften |k Christliche Gesellschaftslehre |k Sammelwerke |k Methodik der christlichen Gesellschaftslehre |0 (DE-627)1270726056 |0 (DE-625)rvk/12002: |0 (DE-576)200726056 |
| 936 | r | v | |a ZX 7179 |b Sonstiges |k Sport |k Sportwissenschaft |k Sportpsychologie |k Psychologie des Berufs- und Leistungssports |k Sonstiges |0 (DE-627)1399330403 |0 (DE-625)rvk/158454:14256 |0 (DE-576)329330403 |
| 936 | b | k | |a 71.44 |j Gruppenprozesse |x Soziologie |0 (DE-627)106412590 |
| 936 | b | k | |a 77.64 |j Gruppendynamik |0 (DE-627)106413104 |
| 936 | s | n | |a b100 |2 mzub |
| 936 | s | n | |a c200 |2 mzub |
| 936 | s | n | |a m200 |2 mzub |
| 936 | s | n | |a z300 |2 mzub |
| 938 | 1 | 0 | |0 (DE-627)1756240612 |0 (DE-615)6609431 |a Soziale Gruppe |2 fivt |
| 938 | 1 | 0 | |0 (DE-627)1756178089 |0 (DE-615)6608640 |a Soziologie |2 fivt |
| 951 | |a BO | ||
| ELC | |b 1 | ||
| LOK | |0 000 xxxxxcx a22 zn 4500 | ||
| LOK | |0 001 3190684812 | ||
| LOK | |0 003 DE-627 | ||
| LOK | |0 004 027319644 | ||
| LOK | |0 005 20240321092814 | ||
| LOK | |0 008 930419||||||||||||||||ger||||||| | ||
| LOK | |0 040 |a DE-21-110 |c DE-627 |d DE-21-110 | ||
| LOK | |0 852 |a DE-21-110 | ||
| LOK | |0 852 1 |c O VI 90 |m p |9 00 | ||
| LOK | |0 935 |a k110 | ||
| LOK | |0 936ln |a 7.3.3.2 | ||
| LOK | |0 938 |k p | ||
| LOK | |0 939 |a 19-04-93 |b l01 | ||
| ORI | |a SA-MARC-krimdoka001.raw | ||
| SIG | |a IFK: O VI 90 | ||
| SPR | |a 1 |t KRI | ||
